| 000 | 00863nam a2200217 a 4500 | ||
|---|---|---|---|
| 001 | 22805 | ||
| 003 | CO-ViMGA | ||
| 008 | 141112s2004 ck r 000 u spa d | ||
| 020 | _a9586760979 | ||
| 040 |
_aCO-ViMGA _bspa _cCO-ViMGA |
||
| 082 | 0 | 4 | _a331.110986 R637c |
| 100 | 1 |
_aRodriguez Ortega, Julio Armando _912464 |
|
| 245 | 1 | 0 | _aEl contrato de trabajo |
| 260 |
_aColombia : _bLeyer |
||
| 300 | _a274p. | ||
| 505 | _aEl contracto de trabajo como realidad juridica, El contracto de trabajo en la sociedad moderna, Nuevas formas juridicas del contrato de trabajo, Evolucion juridicas del contrato de trabajo, Evolucion juridico conceptual del contrato de trabajo. | ||
| 650 | 1 | 4 |
_aCONTRACTOS DE TRABAJO - LEGISLACION - COLOMBIA _912465 |
| 650 | 1 | 4 |
_aCONTRATOS DE TRABAJO - COLOMBIA _912466 |
| 650 | 1 | 4 |
_aDERECHO LABORAL - COLOMBIA _911042 |
| 942 |
_2ddc _cBK |
||
| 999 |
_c31102 _d31102 |
||